Obchodný slovník

Gespeichert in:
Bibliographische Detailangaben
1. Verfasser: Rendoš, Ladislav
Körperschaft: Vysoká škola ekonomická v Bratislave. Obchodná fakulta
Format: Buch
Sprache:Slowakisch
Veröffentlicht: Bratislava Vysoká škola ekonomická 1982
Tags: Tag hinzufügen
Keine Tags, Fügen Sie das erste Tag hinzu!

MARC

LEADER 00000nam a2200000 4500
001 c120942
005 20190109141042.7
041 0 |a slo 
044 |a SK 
245 1 0 |a Obchodný slovník  |c Ladislav Rendoš a kol. 
264 1 |a Bratislava  |b Vysoká škola ekonomická  |c 1982 
300 |a 556 s. 
100 1 |a Rendoš, Ladislav 
710 2 |a Vysoká škola ekonomická v Bratislave. Obchodná fakulta